000
00265pab a2200109 454500
008
180718b xxu||||| |||| 00| 0 eng d
100
_a
Selvam, M.
245
_a
Economic significance of tourism
650
_a
Tourist Trade
773
_a
Financial Express
909
_a
22775
999
_c
22775
_d
22775